000 00724nam a22001937a 4500
008 160420b xxu||||| |||| 00| 0 eng d
020 _a9719342200
082 _22006
_aDFil 363.12
_bD37t
100 _95949
_aDelizo, Darlito Bernard G.
245 _aTraffic management and accident investigation:
_bAn instructional handbook/
_cDarlito Bernard G. Delizo
260 _aBaguio City:
_bRKManwong Production and Publication,
_cc2006.
300 _av, 263 pages:
_billustrations;
_c22.5 cm.
500 _aIncludes appendices and bibliography.
650 0 _95952
_aTraffic
_xManagement
650 0 _95953
_aTraffic
_vExaminations
_xManagement
650 0 _95954
_aTraffic accident investigation
365 _b736.30
942 _2ddc
_cBK
999 _c1865
_d1865